Responses for show #5097 - Tuesday, November 7, 2006

Jeff Spoeri game 2.

Contestants

Ozgun Tumer, a librarian from Brea, California

Julie Kovach, a cardiologist from Ann Arbor, Michigan

Jeff Spoeri, a university administrator from Boynton Beach, Florida (whose 1-day cash winnings total $8,401)

Jeopardy! Round responses

IRAQ
INITIALLY YOURS
MYTHIC COMPANY
GET YOUR LITERARY FACTS STRAIGHT
JEOP-POURRI
WE'RE HERE TO "WIN"
    $200 5
the Tigris & Euphrates

Özgün
    $200 1
Yves Saint Laurent

Özgün
    $200 2
Saturn

Jeff
    $200 4
Three Sisters

Julie
    $200 6
Dalí

Özgün
    $200 7
Oprah Winfrey

Jeff
    $400 9
Israel

Özgün
    $400 3
Brigitte Bardot

Özgün
    $400 27
Nike

Triple Stumper
    $400 23
Venice

Jeff
    $400 19
Cleopatra

Özgün
    $400 15
(Ozgun: What is The Merry Wives of Windsor?)

The Winter's Tale

Özgün
Triple Stumper
    $600 10
Shia

Özgün
    $600 8
Lawrence Taylor

Özgün
    $600 28
(Ozgun: What is Aurora?)

Eos

Özgün
Triple Stumper
    $600 24
Bleak House

Julie
    $600 20
Georgia O'Keeffe

Özgün
    $600 16
(Alex: That's right, Canadian Football League.)

Winnipeg

Jeff
    $800 11
a republic

Özgün
    $800 13
Quentin Tarantino

Özgün
    $800 29
Orion

Jeff
    $800 25
A Room With a View

Julie
    $800 21
Nebraska

Jeff
    $800 17
(Ozgun: What is [*]?)
(Alex: Correct.)
(Ozgun: That was the time for it.)

Windsor

Özgün
    $3,400 12
(Alex: Look at that--you have the most money.)
(Ozgun: I'll bet all of it.)
(Alex: All of it? All right. For $6800 as your total if you are right.)
...
(Alex: [*] is right, yes. Iraq continues to claim it.)

Kuwait

Özgün
    $1000 14
The Artist Formerly Known as Prince

Julie
    $1000 30
(Alex: Some highlighted words to help you in that--help you come up with [*]--the warrior, not the foaming cleanser.)
[Jeff laughs]

Ajax

Triple Stumper
    $1000 26
Cry, the Beloved Country

Triple Stumper
    $1000 22
Pavlov

Özgün
    $1000 18
to winnow

Özgün

Scores at the first commercial break (after clue 15):

Jeff Julie Özgün
$400 $1,200 $7,200

Scores at the end of the Jeopardy! Round:

Jeff Julie Özgün
$3,000 $2,600 $10,400

Double Jeopardy! Round responses

EVERYTHING FRENCH
FROM TV TO FILM
2-LETTER WORDS
A FEW GOOD MEN
HOW ABOUT A COCKTAIL?
SOUNDS GOOD TO ME
    $400 14
Eiffel

Julie
    $400 19
Will Ferrell

Jeff
    $400 9
if

Özgün
    $400 2
saints

Jeff
    $400 1
7 Up

Jeff
    $400 4
(Jeff: What is an accordion?)
(Julie: What's an oompah?)
...
(Alex: What is [*]? From the way it's played.)

a squeeze box

JeffJulie
Triple Stumper
    $800 15
de Gaulle

Jeff
    $800 20
Jim Carrey

Julie
    $800 22
OH

Jeff
    $800 3
South Korea

Özgün
    $800 10
a tequila sunrise

Özgün
    $800 5
a banjo

Jeff
    $1200 30
Marquis de Sade

Jeff
    $1200 21
(Julie: Who is Gene Hackman?)

Kevin Spacey

JulieÖzgün
    $1200 25
(Jeff: What is to?)
...
(Alex: What is [*]? [*] against.)

up

Jeff
Triple Stumper
    $1200 16
Haiti

Jeff
    $1200 11
a hurricane

Julie
    $1200 6
Miami Vice

Jeff
    $1600 29
Lumière

Julie
    $1600 23
Jennifer Aniston

Triple Stumper
    $1600 26
E-R

Triple Stumper
    $3,000 17
(Alex: You trail Ozgun by $3000.)
(Jeff: Let's go with $3,000, Alex.)
(Alex: Three for the tie.)

Albert Schweitzer

Jeff
    $1600 12
(Jeff: What is a bullseye?)

a bullshot

Jeff
Triple Stumper
    $1600 7
"Jimmy Crack Corn"

Jeff
    $2000 28
Monet

Julie
    $2000 24
Tom Hanks

Özgün
    $5,000 27
Ra

Özgün
    $2000 18
King Christian

Triple Stumper
    $2000 13
(Alex: Fun drink and a fun resort, [*].)

an Acapulco

Triple Stumper
    $2000 8
(Alex: [*]. "More Than A Feeling", you're right.)

Boston

Jeff

Scores at the end of the Double Jeopardy! Round:

Jeff Julie Özgün
$13,600 $7,000 $20,600

[wagering suggestions for these scores]

Final Jeopardy! Round responses

PRESIDENTIAL DISTINCTIONS
[Alex reads Özgün's response.]
(Özgün: D'oh!)
JulieWho is James Monroe?
$6,999
JeffWho was Andrew Jackson?
$13,500
ÖzgünWho was Jackson? Taylor
$6,601
Andrew Jackson

Final scores:

Jeff Julie Özgün
$27,100 $1 $13,999
2-day champion: $35,501 3rd place: $1,000 2nd place: $2,000

Game dynamics:

Coryat scores:

Jeff Julie Özgün
$12,200 $7,000 $15,200
18 R
(including 1 DD),
3 W
9 R,
2 W
21 R
(including 2 DDs),
2 W

Combined Coryat: $34,400

The J! Archive is created by fans, for fans. The Jeopardy! game show and all elements thereof, including but not limited to copyright and trademark thereto, are the property of Jeopardy Productions, Inc. and are protected under law. This website is not affiliated with, sponsored by, or operated by Jeopardy Productions, Inc. Join the discussion at JBoard.tv.